| 000 | 00393nam a22001457a 4500 | ||
|---|---|---|---|
| 003 | MACL | ||
| 005 | 20180626165446.0 | ||
| 008 | 180626b xxu||||| |||| 00| 0 eng d | ||
| 040 | _c MACL | ||
| 100 |
_aSingh,Chitralekha & Prem Nath _972797 |
||
| 245 | _aHindu: Manners, Customs and Ceremonies | ||
| 260 |
_aNew Delhi _bRishabh Books _c2015 |
||
| 650 |
_aReligious _922910 |
||
| 942 |
_2ddc _cBK |
||
| 999 |
_c58256 _d58256 |
||